000 00334nam a22001457a 4500
008 230614b ||||| |||| 00| 0 eng d
020 _a9780321954237
041 _aeng
080 _2SECOND EDITION
_a51
082 _a51BRI
100 _a24
101 _aMATE
245 _aCALCULUS EARLY TRANSCENDENTALS
_cBRIGGS
942 _2udc
_cBK
999 _c59969
_d59969